Guidelines for achieving quality in trace analysis
Saved in:
| Other Authors: | , |
|---|---|
| Format: | Book |
| Language: | English |
| Published: |
Cambridge :
Published for the Laboratory of the Government Chemist by the Royal Society of Chemistry,
c1995
|
| Subjects: | |
| Tags: |
Add Tag
No Tags, Be the first to tag this record!
|
MARC
| LEADER | 00000cam a2200000 i 4500 | ||
|---|---|---|---|
| 001 | 1/17480 | ||
| 008 | 981006s1995 eng d | ||
| 020 | |a 0-85404-402-7 | ||
| 035 | |l 10020574 | ||
| 040 | |a GR-MY-UA |b gre |e aacr | ||
| 041 | 0 | |a eng | |
| 082 | 0 | |a 543 | |
| 245 | 1 | 0 | |a Guidelines for achieving quality in trace analysis / |c co-ordinating editors Mike Sargent and Graham MacKay |
| 260 | |a Cambridge : |b Published for the Laboratory of the Government Chemist by the Royal Society of Chemistry, |c c1995 | ||
| 300 | |a 48 p. | ||
| 650 | 0 | 0 | |a Trace analysis |x Standards. |
| 700 | 1 | |a Sargent, Mike. |4 edt | |
| 700 | 1 | |a Mackay, Graham. |4 edt | |
| 852 | |a INST |b LESVOS |e 19981006 |h 543 GUI |p 005100021475 |q 005100021475 |t BK |y 0 | ||
| 901 | |a BIBL1-2000-2 | ||
| 909 | |a Λ |b 059171 | ||
| 922 | |a 1ΕΛΗ |b 199909 |c ΚΠΣ/ΤΠ |d ΠΑΠΑΣΩΤΗΡΙΟΥ | ||
| 950 | |a 107-1998-06-03 | ||
| 970 | |z 2000/07/ΔΕΜΕΝΑΓΑΣ | ||